000 01829nam a2200253Ia 4500
999 _c51909
_d51909
001 18909
003 GE_BSU
005 20220919161810.0
008 181216s2013||||ge |||||||||||||| ||geo||
040 _cGE_BSU
041 _ageo
080 _a63 ბ-56
100 _aბერიძე, გიული
_911621
245 _aაჭარის და ართვინის ვილაიეთის სუბტროპიკული ზონის აგროცენოზთა ალგოფლორის სისტემატიკა და ეკოლოგიური ასპექტი /
_cგიული ბერიძე; სამეცნიერო ხელმძღვანელი ო. შანიძე, აიდან თოფექჩიუგლუ; დისერტაცია: ბათუმის შოთა რუსთაველის სახ-ფო უნ-ტი.
264 _aბათუმი,
_c2013.
300 _a174 გვ.;
_b30 სმ.
653 _aაჭარის და ართვინის ვილაიეთის სუბტროპიკული ზონის აგროცენოზთა ალგოფლორის სისტემატიკა და ეკოლოგიური ასპექტი
653 _aდისერტაცია
653 _aსოფლის მეურნეობა
700 _aშანიძე, ო.
_eსამეცნიერო ხელმძღვანელი
_911622
700 _aთოფექჩიუგლუ, აიდან
_eსამეცნიერო ხელმძღვანელი
_911623
710 _aბათუმის შოთა რუსთაველის სახ-ფო უნ-ტი
_911624
942 _cBK
_2udc